000 00668cam a2200241 4500
001 J106729
008 000000n 000 0 eng u
035 _a(Sirsi) u106729
050 _a332.6324
100 _aCallender, Mark
245 4 _aThe value of commercial property in the UK
260 _aLondon
_bIPD
_c?
300 _a12p. ; 30cm.
520 _aPaper presented at the RICS Cutting Edge Conference September 1996
650 _aPROPERTY MARKET
650 _aSTATISTICS
650 _aRENTS
650 _aYIELDS
650 _aCAPITAL GROWTH
690 _aPROPERTY-COMMERCIAL PROPERTY-COMMERCIAL PROPERTY MARKET
700 _aKey, Tony
942 _n0
999 _c100617
_d100617